000 00442nam a2200181Ia 4500
001 20867
005 20260306172837.0
008 260306t2018||||xx |||||||||||||| ||spa||
041 _aESP
082 _a343.8
_bL39
100 _aJurista Editores
_eAUT
245 0 _aLegislación tributaria:
_bconcordado y sumillado
260 _c2018
300 _a888 pƔginas :
_c20 cm.
650 _aGEN
654 _aCCO
942 _cLIB
_dJUS
_fJUS
_2ddc
_n
999 _c20867
_d20867